|
|
|
|
| LEADER |
00989nam a2200265 a 4500 |
| 001 |
18201 |
| 003 |
BD-DhAAL |
| 008 |
090405s1997 maua b 001 0 eng d |
| 999 |
|
|
|c 81
|d 81
|
| 010 |
|
|
|a \\\97001921
|
| 020 |
|
|
|a 0890065721 (alk. paper)
|
| 040 |
|
|
|a DLC
|c DLC
|d DLC
|d BD-DhAAL
|
| 082 |
0 |
0 |
|a 621.38275
|2 21
|
| 100 |
1 |
|
|a Papannareddy, Rajappa.
|9 41216
|
| 245 |
1 |
0 |
|a Introduction to lightwave communication systems /
|c Rajappa Papannareddy.
|
| 260 |
|
|
|a Boston :
|b Artech House,
|c 1997.
|
| 300 |
|
|
|a xii, 246 pages :
|b illustrations ;
|c 24 cm.
|
| 504 |
|
|
|a Includes bibliographical references and index.
|
| 541 |
1 |
|
|e 18201
|
| 650 |
|
0 |
|a Optical communications.
|9 41217
|
| 650 |
|
0 |
|a Laser communication systems.
|9 41218
|
| 650 |
|
0 |
|a Fiber optics.
|9 41219
|
| 852 |
4 |
|
|a Ayesha Abed Library
|j General Stacks
|
| 942 |
|
|
|2 ddc
|c BK
|
| 952 |
|
|
|0 0
|1 0
|2 ddc
|4 0
|6 621_382750000000000_PAP_1997
|7 0
|9 72
|a BRACUL
|b BRACUL
|c GEN
|d 2009-04-28
|l 1
|o 621.38275 PAP
|p 3010018201
|r 2022-06-11
|s 2022-06-05
|t 1
|w 2009-04-28
|y BK
|